Estatísticas para Cultura Geral

Clique aqui para jogar o quiz

Estatísticas Gerais

  • Esse quiz foi jogado 20 vezes
  • A pontuação média é 6 de 15

Estatísticas das Respostas

HintResposta% Correto
Em que país surgiu a música Bossa Nova?Brasil
89%
Qual é o equivalente em espanhol do nome Charles?Carlos
83%
Como se diz vestido em inglês?Dress
67%
A população de que país caiu quase 20% entre 2010 e 2018 devido a uma guerra civil?Síria
67%
Que rio é considerado o mais longo?Nilo
61%
Qual é a língua oficial do Palau?Inglês
56%
Qual é o prato típico da Espanha?Paella
56%
Em que cidade fica o Portão de Brandemburgo?Berlim
33%
Qual é o único país que está completamente livre de mosquitos?Islândia
33%
Os filhos de quem se chamam George, Charlotte e Louis?William e Kate
22%
Quem canta a música Sign Of The Times?Harry Styles
17%
Qual é o país menos densamente povoado do mundo?Mongólia
6%
Que som faz um grilo?Chilra
0%
Quem muitas vezes frustra os planos do super vilão Ernst Blofeld?James Bond
0%
Qual é o nome do cachorro estúpido e babando que vive com Garfield?Odie
0%

Distribuição das Pontuações

Percentil de Números Respondidos

Porcentagem de Pessoas com Cada Pontuação

Sua Pontuação Histórica

Você não jogou esse quiz